| 000 | 00342nam a22001457a 4500 | ||
|---|---|---|---|
| 003 | SGT | ||
| 020 | _a978-81-312--3902-5 | ||
| 082 |
_a616.07 _bR16K |
||
| 100 | _aKUMAR, VINAY | ||
| 245 | _aROBBINS AND COTRAN PATHOLOGIC BASIS OF DISEASE | ||
| 260 |
_aNEW DELHI _bELSEVIER _c2016 |
||
| 300 | _a1390 | ||
| 650 | _aAYURVEDA | ||
| 942 |
_2ddc _cBK _01 |
||
| 999 |
_c11330 _d11330 |
||